MARC

LEADER 00000nam0a2200000 4500
001 33710
005 20231030215903.0
010 |a 5283024601 
035 |a (RuTPU)RU\TPU\book\34076 
035 |a BOOK00000727 
090 |a 33710 
100 |a 20011210d1989 km y0rusy50 ca 
101 1 |a rus  |c ger 
102 |a RU 
105 |a y z 000zy 
200 1 |a Техника высоких напряжений: теоретические и практические основы применения  |f М. Бейер [и др.]  |g под ред. В. П. Ларионова 
210 |a Москва  |c Энергоатомиздат  |d 1989 
215 |a 555 с. 
610 1 |a высокие напряжения 
610 1 |a электрические поля 
610 1 |a физика 
610 1 |a применение 
610 1 |a техника 
610 1 |a пробой 
675 |a 621.3.027.3  |v 3 
701 1 |a Бейер  |b М.  |g Манфред 
701 1 |a Бек  |b В.  |g Вольфрам 
701 1 |a Меллер  |b К.  |g Клаус 
701 1 |a Цаенгль  |b В.  |g Вальтер 
702 1 |a Ларионов  |b В. П.  |g Владимир Петрович  |4 340 
801 0 |a RU  |b 63413507  |c 20011210  |g PSBO 
801 2 |a RU  |b 63413507  |c 20201022  |g PSBO 
900 |a Техника и физика высоких напряжений 
900 |a Высоковольтные испытательные установки и измерения 
900 |a Математическое моделирование в высоковольтной технике 
900 |a Математическое моделирование в высоковольтной электротехнике 
900 |a Высоковольтная техника 
942 |c BK